Notas autobiográficas / (Record no. 11607)

MARC details
000 -LEADER
campo de control de longitud fija 00918nam a22002535i 4500
001 - NÚMERO DE CONTROL
campo de control 11607
003 - IDENTIFICADOR DE NÚMERO DE CONTROL
campo de control ES-MaACL
005 - FECHA Y HORA DE LA ÚLTIMA TRANSACCIÓN
campo de control 20251209063020.0
008 - DATOS DE LONGITUD FIJA--INFORMACIÓN GENERAL
campo de control de longitud fija 920309s1985 sp ||||0| spa d
020 ## - NÚMERO INTERNACIONAL ESTÁNDAR DEL LIBRO
Número Internacional Estándar del Libro 84-206-0005-9
080 ## - NÚMERO DE LA CLASIFICACIÓN DECIMAL UNIVERSAL
Número de la Clasificación Decimal Universal 929:53 Einstein, Albert
100 1# - ENTRADA PRINCIPAL--NOMBRE DE PERSONA
Nombre de persona Einstein, Albert,
Fechas asociadas al nombre 1879-1955
9 (RLIN) 46838
245 10 - MENCIÓN DEL TÍTULO
Título Notas autobiográficas /
Mención de responsabilidad, etc. Albert Einstein ; prefacio de Paul Arthur Schilpp ; [traductor, Miguel Paredes].
250 ## - MENCION DE EDICION
Mención de edición 1ª ed., 3ª reimp. en "El libro de bolsillo".
260 ## - PUBLICACIÓN, DISTRIBUCIÓN, ETC.
Lugar de publicación, distribución, etc. Madrid :
Nombre del editor, distribuidor, etc. Alianza Editorial,
Fecha de publicación, distribución, etc. 1985.
300 ## - DESCRIPCIÓN FÍSICA
Extensión 87 p ;
Dimensiones 18 cm.
490 1# - MENCIÓN DE SERIE
Mención de serie Libro de bolsillo. Humanidades ;
Designación de volumen o secuencia 1005
600 14 - PUNTO DE ACCESO ADICIONAL DE MATERIA--NOMBRE DE PERSONA
Nombre de persona Einstein, Albert,
Fechas asociadas al nombre 1879-1955
9 (RLIN) 46838
700 1# - ENTRADA AGREGADA--NOMBRE PERSONAL
Nombre de persona Schilpp, Paul Arthur.
9 (RLIN) 104367
700 1# - ENTRADA AGREGADA--NOMBRE PERSONAL
Nombre de persona Paredes Larrucea, Miguel.
9 (RLIN) 89050
830 13 - PUNTO DE ACCESO ADICIONAL DE SERIE-TÍTULO UNIFORME
Título uniforme El libro de bolsillo.
Nombre de parte o sección de la obra Humanidades
Designación de volumen o secuencia 1005
9 (RLIN) 178672
852 ## - LOCALIZACIÓN
Ubicación ES-MaACL
Número de control de estantería L-18874
Holdings
Estatus retirado Estado de pérdida Estado de daño No para préstamo Biblioteca de origen Biblioteca actual Ubicación en estantería Fecha de adquisición Fuente de adquisición Total de préstamos Signatura topográfica completa Código de barras Visto por última vez Precio de reemplazo Tipo de ítem Koha
        Biblioteca del Ateneo de Madrid Biblioteca del Ateneo de Madrid Depósito 2 17/01/2008     L-18874 1011831 23/02/2023 23/02/2023 Libro impreso